<?xml version="1.0" encoding="UTF-8"?>
<record
    xmlns:xsi="http://www.w3.org/2001/XMLSchema-instance"
    xsi:schemaLocation="http://www.loc.gov/MARC21/slim http://www.loc.gov/standards/marcxml/schema/MARC21slim.xsd"
    xmlns="http://www.loc.gov/MARC21/slim">

  <leader>01280    a2200229   4500</leader>
  <controlfield tag="005">20260506172231.0</controlfield>
  <datafield tag="020" ind1=" " ind2=" ">
    <subfield code="a">978-8176710633</subfield>
  </datafield>
  <datafield tag="040" ind1=" " ind2=" ">
    <subfield code="b">Eng</subfield>
  </datafield>
  <datafield tag="082" ind1=" " ind2=" ">
    <subfield code="a">621.719 GHO</subfield>
  </datafield>
  <datafield tag="100" ind1=" " ind2=" ">
    <subfield code="a"> Ghosh, Amitabha.</subfield>
    <subfield code="9">3957</subfield>
  </datafield>
  <datafield tag="245" ind1=" " ind2=" ">
    <subfield code="a">Manufacturing Science</subfield>
  </datafield>
  <datafield tag="250" ind1=" " ind2=" ">
    <subfield code="a">2nd ed.</subfield>
  </datafield>
  <datafield tag="260" ind1=" " ind2=" ">
    <subfield code="a">New Delhi:</subfield>
    <subfield code="b">East West Press Pvt Ltd:</subfield>
    <subfield code="c">2010.</subfield>
  </datafield>
  <datafield tag="300" ind1=" " ind2=" ">
    <subfield code="a">xvi, 496p.</subfield>
  </datafield>
  <datafield tag="520" ind1=" " ind2=" ">
    <subfield code="a">Manufacturing Science provides a comprehensive foundation in manufacturing processes and materials engineering. The book systematically explains the principles underlying metal casting, forming, machining, joining, and surface finishing. It integrates theoretical concepts with practical applications, focusing on process mechanics, material behavior, and production efficiency.
The text also addresses modern manufacturing considerations such as automation, quality control, and process optimization. It is particularly useful for engineering students and professionals seeking to understand how raw materials are transformed into finished products through various industrial processes</subfield>
  </datafield>
  <datafield tag="650" ind1=" " ind2=" ">
    <subfield code="a">Manufacturing processes</subfield>
    <subfield code="9">686</subfield>
  </datafield>
  <datafield tag="650" ind1=" " ind2=" ">
    <subfield code="a">Production engineering</subfield>
    <subfield code="9">3958</subfield>
  </datafield>
  <datafield tag="650" ind1=" " ind2=" ">
    <subfield code="a">Metal forming</subfield>
    <subfield code="9">3959</subfield>
  </datafield>
  <datafield tag="650" ind1=" " ind2=" ">
    <subfield code="a">Machining processes etc</subfield>
    <subfield code="9">3960</subfield>
  </datafield>
  <datafield tag="700" ind1=" " ind2=" ">
    <subfield code="a">Mallik, A K.</subfield>
    <subfield code="9">3961</subfield>
  </datafield>
  <datafield tag="942" ind1=" " ind2=" ">
    <subfield code="c">BK</subfield>
  </datafield>
  <datafield tag="999" ind1=" " ind2=" ">
    <subfield code="c">5613</subfield>
    <subfield code="d">5608</subfield>
  </datafield>
  <datafield tag="952" ind1=" " ind2=" ">
    <subfield code="0">0</subfield>
    <subfield code="1">0</subfield>
    <subfield code="2">udc</subfield>
    <subfield code="4">0</subfield>
    <subfield code="7">0</subfield>
    <subfield code="C">06/05/2026</subfield>
    <subfield code="D">Satya Books</subfield>
    <subfield code="E">PO.No.IIITDMK/2026-27/LIB/BKS/01</subfield>
    <subfield code="F">20/04/2026</subfield>
    <subfield code="G">1485</subfield>
    <subfield code="H">25/04/2026</subfield>
    <subfield code="J">485</subfield>
    <subfield code="a">IIITDM</subfield>
    <subfield code="b">IIITDM</subfield>
    <subfield code="c">GEN</subfield>
    <subfield code="d">2026-05-06</subfield>
    <subfield code="l">0</subfield>
    <subfield code="o">621.719 GHO</subfield>
    <subfield code="p">0008229</subfield>
    <subfield code="r">2026-05-06 17:29:01</subfield>
    <subfield code="w">2026-05-06</subfield>
    <subfield code="y">BK</subfield>
    <subfield code="z">Manufacturing Technology</subfield>
  </datafield>
  <datafield tag="952" ind1=" " ind2=" ">
    <subfield code="0">0</subfield>
    <subfield code="1">0</subfield>
    <subfield code="2">udc</subfield>
    <subfield code="4">0</subfield>
    <subfield code="7">0</subfield>
    <subfield code="C">06/05/2026</subfield>
    <subfield code="D">Satya Books</subfield>
    <subfield code="E">PO.No.IIITDMK/2026-27/LIB/BKS/01</subfield>
    <subfield code="F">20/04/2026</subfield>
    <subfield code="G">1485</subfield>
    <subfield code="H">25/04/2026</subfield>
    <subfield code="J">485</subfield>
    <subfield code="a">IIITDM</subfield>
    <subfield code="b">IIITDM</subfield>
    <subfield code="c">GEN</subfield>
    <subfield code="d">2026-05-06</subfield>
    <subfield code="l">0</subfield>
    <subfield code="o">621.719 GHO</subfield>
    <subfield code="p">0008230</subfield>
    <subfield code="r">2026-05-06 17:29:02</subfield>
    <subfield code="w">2026-05-06</subfield>
    <subfield code="y">BK</subfield>
    <subfield code="z">Manufacturing Technology</subfield>
  </datafield>
  <datafield tag="952" ind1=" " ind2=" ">
    <subfield code="0">0</subfield>
    <subfield code="1">0</subfield>
    <subfield code="2">udc</subfield>
    <subfield code="4">0</subfield>
    <subfield code="7">0</subfield>
    <subfield code="C">06/05/2026</subfield>
    <subfield code="D">Satya Books</subfield>
    <subfield code="E">PO.No.IIITDMK/2026-27/LIB/BKS/01</subfield>
    <subfield code="F">20/04/2026</subfield>
    <subfield code="G">1485</subfield>
    <subfield code="H">25/04/2026</subfield>
    <subfield code="J">485</subfield>
    <subfield code="a">IIITDM</subfield>
    <subfield code="b">IIITDM</subfield>
    <subfield code="c">GEN</subfield>
    <subfield code="d">2026-05-06</subfield>
    <subfield code="l">0</subfield>
    <subfield code="o">621.719 GHO</subfield>
    <subfield code="p">0008231</subfield>
    <subfield code="r">2026-05-06 17:29:02</subfield>
    <subfield code="w">2026-05-06</subfield>
    <subfield code="y">BK</subfield>
    <subfield code="z">Manufacturing Technology</subfield>
  </datafield>
  <datafield tag="952" ind1=" " ind2=" ">
    <subfield code="0">0</subfield>
    <subfield code="1">0</subfield>
    <subfield code="2">udc</subfield>
    <subfield code="4">0</subfield>
    <subfield code="7">0</subfield>
    <subfield code="C">06/05/2026</subfield>
    <subfield code="D">Satya Books</subfield>
    <subfield code="E">PO.No.IIITDMK/2026-27/LIB/BKS/01</subfield>
    <subfield code="F">20/04/2026</subfield>
    <subfield code="G">1485</subfield>
    <subfield code="H">25/04/2026</subfield>
    <subfield code="J">485</subfield>
    <subfield code="a">IIITDM</subfield>
    <subfield code="b">IIITDM</subfield>
    <subfield code="c">GEN</subfield>
    <subfield code="d">2026-05-06</subfield>
    <subfield code="l">0</subfield>
    <subfield code="o">621.719 GHO</subfield>
    <subfield code="p">0008232</subfield>
    <subfield code="r">2026-05-06 17:29:02</subfield>
    <subfield code="w">2026-05-06</subfield>
    <subfield code="y">BK</subfield>
    <subfield code="z">Manufacturing Technology</subfield>
  </datafield>
  <datafield tag="952" ind1=" " ind2=" ">
    <subfield code="0">0</subfield>
    <subfield code="1">0</subfield>
    <subfield code="2">udc</subfield>
    <subfield code="4">0</subfield>
    <subfield code="7">0</subfield>
    <subfield code="C">06/05/2026</subfield>
    <subfield code="D">Satya Books</subfield>
    <subfield code="E">PO.No.IIITDMK/2026-27/LIB/BKS/01</subfield>
    <subfield code="F">20/04/2026</subfield>
    <subfield code="G">1485</subfield>
    <subfield code="H">25/04/2026</subfield>
    <subfield code="J">485</subfield>
    <subfield code="a">IIITDM</subfield>
    <subfield code="b">IIITDM</subfield>
    <subfield code="c">GEN</subfield>
    <subfield code="d">2026-05-06</subfield>
    <subfield code="l">0</subfield>
    <subfield code="o">621.719 GHO</subfield>
    <subfield code="p">0008233</subfield>
    <subfield code="r">2026-05-06 17:29:01</subfield>
    <subfield code="w">2026-05-06</subfield>
    <subfield code="y">BK</subfield>
    <subfield code="z">Manufacturing Technology</subfield>
  </datafield>
</record>
